000 00412nam a2200169Ia 4500
008 221030s9999 xx 000 0 und d
020 _a8120311655
041 _aEnglish
082 _a105.23
100 _aA. S. Tanenbaum
245 0 _aComputer Networks ( DEPARTMENTAL )
_cby A. S. Tanenbaum
250 _a3rd
260 _bPHI
_aNew Delhi
_c1998
300 _a813
650 _aCSE Departmental
942 _cBK
999 _c5613
_d5613